000 00219nam a22000857a 4500
008 161114b xxu||||| |||| 00| 0 eng d
100 _91192
_aChaudhery.S.
245 _aTargetting Mathematics-3
260 _aNew Delhi
_bMEB
_c2012
999 _c3879
_d3879